LEADER 03688nam 2200673Ia 450 001 9910463110103321 005 20211028031348.0 010 $a0-520-95495-5 024 7 $a10.1525/9780520954953 035 $a(CKB)2670000000335805 035 $a(EBL)1130203 035 $a(OCoLC)829460254 035 $a(SSID)ssj0000833540 035 $a(PQKBManifestationID)11443469 035 $a(PQKBTitleCode)TC0000833540 035 $a(PQKBWorkID)10935859 035 $a(PQKB)10807859 035 $a(MiAaPQ)EBC1130203 035 $a(DE-B1597)520937 035 $a(DE-B1597)9780520954953 035 $a(Au-PeEL)EBL1130203 035 $a(CaPaEBR)ebr10661926 035 $a(CaONFJC)MIL450489 035 $a(EXLCZ)992670000000335805 100 $a20121019d2013 ub 0 101 0 $aeng 135 $aurnn#---|u||u 181 $ctxt 182 $cc 183 $acr 200 10$aLead wars$b[electronic resource] $ethe politics of science and the fate of America's children /$fGerald Markowitz and David Rosner 210 $aBerkeley $cUniversity of California Press ;$aNew York $cMilbank Memorial Fund$dc2013 215 $a1 online resource (323 p.) 225 1 $aCalifornia/Milbank books on health and the public ;$v24 300 $aDescription based upon print version of record. 311 0 $a0-520-28393-7 311 0 $a0-520-27325-7 320 $aIncludes bibliographical references and index. 327 $tFront matter --$tContents --$tForeword --$tPreface --$tAcknowledgments --$t1. Introduction: A Legacy of Neglect --$t2. From Personal Tragedy to Public Health Crisis --$t3. Peeling the Onion --$t4. The Contentious Meaning of Low-Level Exposures --$t5. The Rise of Public Health Pragmatism --$t6. Controlled Poison --$t7. Research on Trial --$t8. Lead Poisoning and the Courts --$t9. A Plague on All Our Houses --$tNotes --$tIndex 330 $aIn this incisive examination of lead poisoning during the past half century, Gerald Markowitz and David Rosner focus on one of the most contentious and bitter battles in the history of public health. Lead Wars details how the nature of the epidemic has changed and highlights the dilemmas public health agencies face today in terms of prevention strategies and chronic illness linked to low levels of toxic exposure. The authors use the opinion by Maryland's Court of Appeals-which considered whether researchers at Johns Hopkins University's prestigious Kennedy Krieger Institute (KKI) engaged in unethical research on 108 African-American children-as a springboard to ask fundamental questions about the practice and future of public health. Lead Wars chronicles the obstacles faced by public health workers in the conservative, pro-business, anti-regulatory climate that took off in the Reagan years and that stymied efforts to eliminate lead from the environments and the bodies of American children. 410 0$aCalifornia/Milbank books on health and the public ;$v24. 606 $aLead poisoning$zUnited States$xHistory 606 $aLead poisoning in children$zUnited States 606 $aLead poisoning in children$xPrevention$xGovernment policy$zUnited States 608 $aElectronic books. 615 0$aLead poisoning$xHistory. 615 0$aLead poisoning in children 615 0$aLead poisoning in children$xPrevention$xGovernment policy 676 $a363.738/492 700 $aMarkowitz$b Gerald E$01026774 701 $aRosner$b David$f1947-$01026775 712 02$aMilbank Memorial Fund. 801 0$bMiAaPQ 801 1$bMiAaPQ 801 2$bMiAaPQ 906 $aBOOK 912 $a9910463110103321 996 $aLead wars$92441877 997 $aUNINA LEADER 01310nam a2200301 i 4500 001 991002999979707536 005 20020509110330.0 008 940613s1993 it ||| | ita 020 $a887835192X 035 $ab11093043-39ule_inst 035 $aPARLA173093$9ExL 040 $aIstituto di Filosofia$bita 100 1 $aStrada, Vittorio$033020 245 10$aFilosofia, religione e letteratura in Russia all'inizio del 20. secolo :$batti del Convegno Filosofia, religione e letteratura in Russia all'inizio del 20. secolo /$cintroduzione di Vittorio Strada 260 $aNapoli :$bGuida,$cc1993 300 $a450 p. ;$c23 cm. 490 0 $aLaboratorio ;$v11 650 4$aConvegni$zNapoli$y1989 650 4$aFilosofia$xConvegni$y1989 650 4$aFilosofia e religione$xConvegni$y1989 650 4$aRussia - 20. Sec. 907 $a.b11093043$b23-02-17$c28-06-02 912 $a991002999979707536 945 $aLE005 Ist.Fil. XLVI H 20$g1$i2005000261190$lle005$o-$pE0.00$q-$rl$s- $t0$u1$v0$w1$x0$y.i11225634$z28-06-02 945 $aLE005 MF 33 M 36$g1$iLE005N-9642$lle005$o-$pE0.00$q-$rl$s- $t0$u0$v0$w0$x0$y.i11225646$z28-06-02 996 $aFilosofia, religione e letteratura in Russia all'inizio del 20. secolo$9857081 997 $aUNISALENTO 998 $ale005$b01-01-94$cm$da $e-$fita$git $h0$i2